| 000 | 01220nac a22003857a 4500 | ||
|---|---|---|---|
| 001 | BR8104831 | ||
| 003 | BR-BrBNA | ||
| 005 | 20240105115042.0 | ||
| 008 | 230509b bl.|||m| |||| 00| 0 por d | ||
| 040 |
_aBR-BrBNA _bpor _cBiblioteca Nacional de Agricultura |
||
| 072 | _aF00 | ||
| 090 | _a0930 BR8104831 | ||
| 100 | 1 | _aCastro, M.E.B. de | |
| 100 | 1 | _aMotta, A.C. | |
| 100 | 1 | _aSperry, S. | |
| 110 | 1 |
_aUnidade de Execucao de Pesquisa de Ambito Estadual de Cascata, RS (Brasil) _910359 |
|
| 245 | 1 | _aFigo: resumos informativos | |
| 260 | 3 |
_aBrasilia, DF (Brasil): _bEmpresa Brasileira de Pesquisa Agropecuaria. Depto. de Informacao e Documentacao, _c1981. |
|
| 300 | _a69 p. | ||
| 490 |
_aResumos Informativos - Empresa Brasileira de Pesquisa Agropecuaria (Brazil) _vno. 17 _x |
||
| 500 | _aSummary only | ||
| 650 | _aFIGO | ||
| 650 | _aADUBACAO | ||
| 650 | _aPRATICA CULTURAL | ||
| 650 | _aRENDIMENTO | ||
| 650 | _aREPRODUCAO VEGETAL | ||
| 650 | _aCOMERCIALIZACAO | ||
| 650 | _aABASTECIMENTO | ||
| 650 | _aPRAGA DE PLANTA | ||
| 650 | _aDOENCA DE PLANTA | ||
| 650 | _aCONTROLE QUIMICO | ||
| 650 | _aVARIEDADE | ||
| 909 |
_a202312 _bLúcia Elande _c55 _dLúcia Elande |
||
| 942 |
_2AGRIS _n0 _cMS |
||
| 999 |
_c272773 _d272773 |
||